000 004390000a22001810004500
003 MACL
005 20150826150900.0
008 150826b xxu||||| |||| 00| 0 eng d
040 _aMACL
_cMACL
041 _aEnglish
082 _a790/NAR
100 _aNarasimhaiah,C.D.
_97600
245 _aDrama As Form of Art And Theatre
260 _bA Dhvanyaloka Publicaton
_c1993
350 _a200
650 _aArts
_97601
942 _cBK
_k790
_2ddc
999 _c2461
_d2461